| 000 | 00541nam a22001337a 4500 | ||
|---|---|---|---|
| 040 | _cRUA | ||
| 082 | _aAGR TAL 2010 B046 Or.1 | ||
| 100 | _aTAL, MAKARA | ||
| 245 | _aEffect of pellet compost's duration on green mustart ឥទ្ទិពលនៃអាយុជីកំប៉ុស្តិ៍គ្រាប់លើដំណាំស្ពៃខៀវ | ||
| 260 |
_aPhnom Penh _bRUA _c2010 |
||
| 300 |
_axii, 50p. _bill. _c29cm. |
||
| 856 | _uhttps://drive.google.com/file/d/1xulGaqfPQV8ArNKHiQImNMJvJ1Cyqz-_/view?usp=sharing | ||
| 942 | _cAGR | ||
| 999 |
_c1163 _d1163 |
||